| 000 | 00418cam a22001571 4500 | ||
|---|---|---|---|
| 040 | _cDLC | ||
| 082 | 0 | 0 | _a510 MCG 1958 A030 Or. |
| 100 | 1 | _aPipes, Louis Albert, | |
| 245 | 1 | 0 | _aApplied mathematics for engineers and physicists. |
| 250 | _a2d ed. | ||
| 260 |
_aNew York, _bMcGraw-Hill, _c1958. |
||
| 300 |
_a723 p. _billus. _c24 cm. |
||
| 650 | 0 | _aMathematical physics. | |
| 650 | 0 | _aMechanics, Applied. | |
| 942 | _cEK | ||
| 999 |
_c11516 _d11516 |
||